00251nam a2200109Ia 4500008004100000041001200041082001100053100002000064245004500084260000600129650000600135221030s9999 xx 000 0 und d aEnglish a105.23 aP. G. Wodehouse 0aGalahad at Blandingscby P. G. Wodehouse c0 aB